LEADER 01133cam0 22002531 450 001 SOBE00018221 005 20110929104626.0 100 $a20110929f1999 |||||ita|0103 ba 101 $aita 102 $aIT 200 1 $aDichiarazioni dell'imputato sul fatto altrui, diritto al silenzio e garanzia del contraddittorio$edagli insegnamenti della Corte costituzionale al progettato nuovo modello di "giusto processo"$fVittorio Grevi 210 $aMilano$cGiuffrè$d[1999?] 215 $a822-856 p.$d23 cm 300 $aEstratto da: Rivista italiana di diritto e procedura penale, anno XLII, fasc. 3 (1999) 700 1$aGrevi$b, Vittorio$3AF00005513$4070$0222797 801 0$aIT$bUNISOB$c20110929$gRICA 850 $aUNISOB 852 $aUNISOB$jFondo|Casavola|Opusc$m149884 912 $aSOBE00018221 940 $aM 102 Monografia moderna SBN 941 $aM 957 $aFondo|Casavola|Opusc$b002146$gSI$d149884$hCasavola$rdono$tN$1menle$2UNISOB$3UNISOB$420110929104710.0$520110929104817.0$6menle 996 $aDichiarazioni dell'imputato sul fatto altrui, diritto al silenzio e garanzia del contraddittorio$91720746 997 $aUNISOB LEADER 01451nam 2200397Ka 450 001 9910697543503321 005 20080919163856.0 035 $a(CKB)5470000002389518 035 $a(OCoLC)253679807 035 $a(EXLCZ)995470000002389518 100 $a20080919d2003 ua 0 101 0 $aeng 181 $ctxt$2rdacontent 182 $cc$2rdamedia 183 $acr$2rdacarrier 200 10$aAircrew performance cutting-edge technology$b[electronic resource] $eemerging human performance enhancement technology vision in support of operational military aviation strategy /$fKris M. Belland 210 1$aMaxwell Air Force Base, Ala. :$cCenter for Strategy and Technology, Air University,$d[2003] 215 $aiv, 56 pages $cdigital, PDF file 225 1 $aOccasional paper ;$vno. 35 300 $aTitle from title screen (viewed on Sept. 19, 2008). 300 $a"September 2003." 517 $aAircrew performance cutting-edge technology 606 $aFlight$xPhysiological aspects 606 $aFatigue 606 $aAviation medicine 615 0$aFlight$xPhysiological aspects. 615 0$aFatigue. 615 0$aAviation medicine. 700 $aBelland$b Kris M$01391569 712 02$aAir University (U.S.).$bCenter for Strategy and Technology. 801 0$bGPO 801 1$bGPO 906 $aBOOK 912 $a9910697543503321 996 $aAircrew performance cutting-edge technology$93445455 997 $aUNINA